| 000 | 00547nam a2200157 a 4500 | ||
|---|---|---|---|
| 008 | 120416s0000 ||||||||||||||||| || u | ||
| 020 | _a0412478307 | ||
| 050 | _aHM 131 Bal | ||
| 100 | _aBaldwin, Steve | ||
| 245 | 1 | 4 | _aThe myth of community care |
| 246 | _aan alternative neighbourhood model of care | ||
| 260 |
_aLondon _bChapman & Hall _c1993 |
||
| 300 | _ax, 176p. | ||
| 350 | _a0.00 | ||
| 995 |
_D0.00 _FCBU-MAIN LIBRARY (Kitwe) _H1 _I17.95 _M1 _UAVAILABLE _ZMain Library Open Access Collection |
||
| 999 |
_c51858 _d51858 |
||